Números y operaciones 1 /

Guardado en:
Autor Principal: Kurzrok, Liliana Edith
Otros Autores: Comparatore, Claudia Rita
Formato: Libro
Publicado: Buenos Aires : Tinta Fresca, 2011
Series:Secuencia de actividades. Educación Secundaria
Materias:
Etiquetas: Agregar Etiqueta
Sin Etiquetas, Sea el primero en etiquetar este registro!
LEADER 02109nam a22002535a 4500
001 CEM.cems014478
005 20140930153214.0
008 130507s2011##################000#0#####d
003 CEMS
020 |a 9789875765368 
082 0 4 |a 510 
100 1 |a Kurzrok, Liliana Edith 
245 1 0 |a Números y operaciones 1 /  |c Liliana Edith Kurzrok y Claudia Rita Comparatore 
260 |a Buenos Aires :  |b Tinta Fresca,  |c 2011 
300 |a 80 p. 
490 0 |a Secuencia de actividades. Educación Secundaria 
505 0 |a Los números naturales -- Lectura y escritura de números grandes -- Composición y descomposición en potencias de 10 -- Multiplicación entre números naturales -- División entre números naturales -- Propiedades de las operaciones -- Aprender con la calculadora -- Combinatoria -- Cálculo estimativo -- El sistema sexagesimal -- La potenciación -- La radicación -- Multiplos y divisores -- Divisibilidad -- Múltiplo común menor. División común mayor -- Problemas con muchas cuentas -- Los números racionales -- Los números racionales fraccionados -- Distintas formas de repartir -- Repartir usando la división -- Las partes y los enteros -- Los números fraccionarios para medir -- Fracciónes equivalentes -- Las fracciones decimales --Ubicar en la recta númerica -- Comparar números racionales fraccionarios -- Orden y densidad -- Números decimales exactos y periódicos -- Operaciones con números racionales -- Estrategias para sumar -- Estrategias para restar -- Multiplicación entre números fraccionarios -- Propiedades de la multiplicación -- Problemas y resoluciones -- Calculo mental -- Multiplicación entre números decimales -- Dividir un número fraccionario por uno natural -- Estrategias para dividir -- Dividir números decimales -- Estrategias para dividir números decimales -- Potenciación y radicación 
653 |a Matemática 
653 |a Numeros racionales 
653 |a Números naturales 
653 |a Potenciación 
653 |a Radicación 
700 1 |a Comparatore, Claudia Rita 
859 |a CEMS  |b BIB. CEMS - 11 de abril  |h 510  |i K967  |p 27047.14  |t Ej.1  |v 1  |3 1